Čs. štátne kúpele Brusno

Zobrazenie:

Bibliographic Details
Other Authors: Marková, Margita (fotografka) (Photographer), Lorencová, Elena (fotografka) (Photographer), Šťastný, Jozef, 1936- (Photographer)
Format: Photo
Language:Slovak
Published: Bratislava Pravda 1987
Subjects:

MARC

LEADER 00000ckm a2200000 a 4500
001 vtls001199889
003 SK-MaSNL
005 20260331202556.0
007 kf co
008 180703s1987 xo g 0kuslo
015 |a SNBG1987 
035 |a SNK000142958 
040 |a SNK  |b slo  |c SNK  |e AACR2 
041 0 |a slo 
043 |a e-xo--- 
044 |a xo  |c SK 
072 7 |a 913  |x Regionálna geografia  |2 konspekt 
080 |a 913(437.6)  |2 2011 
080 |a (084.121)  |2 2011 
080 |a 908(437.6)  |2 2011 
100 1 |a Marková, Margita  |c (fotografka)  |4 pht  |9 284542 
245 1 0 |a Čs. štátne kúpele Brusno  |h grafika  |c foto Margita Marková, Elena Lorencová, Jozef Šťastný 
246 1 |i Názov na obrazovej časti:  |a Brusno 
260 |a Bratislava  |b Pravda  |c 1987  |e [Bratislava]  |f TZP-B 
300 |a 1 pohľadnica (5 čiastkových pohľadov)  |b farebná  |c 11 x 15 cm 
500 |a Na adresnej časti uvedené: "Čs. štátne kúpele Brusno zamerané na liečenie chorôb tráviaceho ústrojenstva a chorôb z povolania" 
520 8 |a Zobrazenie: 
610 2 7 |a Československé štátne kúpele (Brusno, Slovensko)  |2 SNKKA  |9 437820 
651 7 |a Brusno (Slovensko)  |2 SNKPHgeo  |9 28950 
655 7 |a geografické pohľadnice  |2 SNKPH  |9 70522 
655 7 |a miestne pohľadnice  |2 SNKPH  |9 70510 
700 1 |a Lorencová, Elena  |c (fotografka)  |4 pht  |9 283290 
700 1 |a Šťastný, Jozef,  |d 1936-  |4 pht  |9 7817 
958 |a GBN 
958 |a GC 
958 |a OND 
999 |c 856424  |d 858354 
952 |a SNK  |b SNK  |y PREZ  |7 0  |p 17A1284428  |o snkSP 138541  |i snk69/88  |0 0  |1 0  |4 0  |d 2021-08-19  |l 0  |r 2026-02-24 04:57:22  |w 2026-02-24 
952 |a SNK  |b SNK  |y PREZ  |7 0  |p 17A1284427  |o snkSP 138541 D1  |i snk70/88  |0 0  |1 0  |4 0  |d 2021-08-19  |l 0  |r 2026-02-24 04:57:22  |w 2026-02-24